000 01151nam a22002417a 4500
003 OSt
005 20250220163630.0
008 240828b ||||| |||| 00| 0 eng d
040 _c0
082 _aDPer 570 J826 2021 v. 53 n. 1-5.
100 _aHadjichambis, Andreas Ch.
_eauthor.
_959288
245 _aPromoting rri and active citizenship in an inquiry-based controversial socio-scientific issue :
_bthe case of cholesterol regulation with statins /
_c Andreas Ch. Hadjichambis, Yiannis Georgiou, Demetra Paraskeva Hadjichambi, Eleni A. Kyza, Andria Agesilaou, and Demetrios Mappouras.
260 _aUnited Kingdom ;
_bTaylor & Francis Group,
_cNovember 2019.
300 _avolume 53, pages 548-560,
_billustration.
500 _aJournal of Biological Education, v. 53, n. 5, pages 548-560, November 2019.
700 _aHadjichambis, Andreas Ch.
_eauthor.
_959288
700 _aGeorgiou, Yiannis.
_eauthor.
_959289
700 _aHadjichambi, Demetra Paraskeva.
_eauthor.
_959290
700 _a Kyza, Eleni A.
_eauthor.
_959291
700 _aAgesilaou, Andria.
_eauthor.
_959292
700 _aMappouras, Demetrios.
_eauthor.
_959293
942 _2ddc
_cPER
999 _c21006
_d21006